Jon Favreau Filmography - Statistics

General Stats
  • This quiz has been taken 122 times
    31 since last reset
  • The average score is 20 of 96
Answer Stats
Type Year Name % Correct
Film 2008 Iron Man
83%
Film 2010 Iron Man 2
83%
Film 2013 Iron Man 3
72%
Film 2019 Avengers: Endgame
67%
Film 2019 Spider-Man: Far from Home
61%
Film 2021 Spider-Man: No Way Home
61%
Film 2017 Spider-Man: Homecoming
56%
Director 2019 The Lion King
56%
Web Series 2019 The Mandalorian
56%
Film 2014 Chef
50%
Film 2016 The Jungle Book
50%
Film 2003 Elf
44%
Web Series 2021-2023 What If...?
44%
Film 2024 Deadpool & Wolverine
39%
Web Series 2022 The Book of Boba Fett
39%
Film 2009 Couples Retreat
28%
TV Show 1997 Friends
28%
TV Show 2010-2013 Star Wars: The Clone Wars
28%
Director 2026 Star Wars: The Mandalorian and Grogu
28%
TV Show 2004 The King of Queens
28%
Film 2013 The Wolf of Wall Street
28%
Film 1995 Batman Forever
22%
Director 2011 Cowboys & Aliens
22%
Film 1992 Folks!
22%
Film 1992 Hoffa
22%
Film 2000 Love & Sex
22%
Film 1994 Mrs. Parker and the Vicious Circle
22%
Film 1994 PCU
22%
Film 1993 Rudy
22%
Film 1994 Speechless
22%
Film 1996 Swingers
22%
Film 2006 The Break-Up
22%
Film 2000 The Replacements
22%
Director 2017 young Sheldon
22%
Director 2014 About a Boy
17%
Film 2003 Daredevil
17%
Film 1998 Deep Impact
17%
TV Show 2001-2005 Dinner for Five
17%
Documentary Series 2020-2023 Disney Gallery: The Mandalorian
17%
Film 2015 Entourage
17%
TV Show 2002 Family Guy
17%
Film 2008 Four Christmases
17%
Video Game 2009 G-Force
17%
Film 2009 G-Force
17%
Film 2013 Identity Thief
17%
Film 2009 I Love You, Man
17%
Film 2012 John Carter
17%
Film 2001 Made
17%
TV Show 2006 Monk
17%
TV Show 2006 My Name Is Earl
17%
Film 2006 Open Season
17%
Film 2012 People Like Us
17%
TV Show 1996 Persons Unknown
17%
Director 2012 Revolution
17%
TV Show 2009 Robot Chicken
17%
TV Film 1999 Rocky Marciano
17%
TV Show 2004 Rugrats
17%
TV Show 1994 Seinfeld
17%
Film 2003 Something's Gotta Give
17%
Film 2016 Term Life
17%
Film 2003 The Big Empty
17%
TV Show 2019-2020 The Chef Show
17%
Director 2013 The Office
17%
Director 2017 The Orville
17%
Film 1998 Very Bad Things
17%
Film 2004 Wimbledon
17%
Director 2005 Zathura: A Space Adventure
17%
Film 2011 Zookeeper
17%
TV Show 2000 Buzz Lightyear of Star Command
11%
TV Show 2000 Dilbert
11%
TV Show 1999 Disney's Hercules: The Animated Series
11%
Director TBA Oswald: The Lucky Rabbit
11%
TV Show 1999 Rocket Power
11%
Film 2018 Solo: A Star Wars Story
11%
TV Show 1995 The Larry Sanders Show
11%
TV Show 2000 The Sopranos
11%
TV Show 1996, 1997 Tracey Takes On...
11%
TV Short 2020 Alien Xmas
6%
Film 1997 Dogtown
6%
Film 1995 Notes from Underground
6%
Film 2009 102 Dalmations
0%
Award Show 2006 2006 Writers Guild Awards
0%
TV Short 2001 Ain't It Cool News
0%
Film 2000 Almost Famous
0%
Commercial 2015 Apple iPhone 6s
0%
TV Show 1994 Chicago Hope
0%
TV Film 1996 Desert Breeze
0%
TV Show 1995 Fallen Angels
0%
TV Short 1995 Grandpa's Funeral
0%
Director TBA Jungle Book 2
0%
Documentary Series 2022, 2025 Light & Magic
0%
TV Show 2003 MADtv
0%
TV Show 2009 Reel Comedy
0%
Director 1999 Smog
0%
TV Show 2005 The Apprentice
0%
TV Show 2014, 2020 Top Chef
0%
No matching quizzes found
Score Distribution
Percent of People with Each Score
Percentile by Number Answered
Your Score History
You have not taken this quiz since the last reset